Statistiques concernant 250 animes les plus populaires

Cliquez ici pour prendre le quiz!

Statistiques générales

  • Ce quiz a été pris 1 748 fois
    (1 699 depuis la dernière actualisation)
  • Le résultat moyen est 55 sur 250

Statistiques - réponses

AnnéeAnime% Correct
2002Naruto
98%
1999One Piece
96%
1986Dragon Ball
90%
2011Hunter x Hunter (2011)
77%
2004Bleach
76%
2016Boku no Hero Academia
76%
2004Boku no Hero Academia Saison 2
76%
2018Boku no Hero Academia saison 3
76%
2006Death Note
75%
2012K
75%
2019Kimetsu no Yaiba
73%
2013Shingeki no Kyojin
69%
2017Shingeki no Kyojin saison 2
69%
2019Shingeki no Kyojin Saison 3 Partie 2
69%
2009Fairy Tail
67%
2014Fairy Tail (2014)
67%
2014Tokyo Ghoul
67%
1989Dragon Ball Z
63%
2015One-Punch Man
61%
2019One Punch Man Saison 2
61%
2018Tokyo Ghoul : Re
61%
2015Tokyo Ghoul saison 2
61%
2015Ansatsu Kyoushitsu
57%
2003FullMetal Alchemist
57%
2016Assassination Classroom saison 2
56%
2012Sword Art Online
56%
2018Sword Art Online Alicization
56%
2018Sword Art Online Alternative : Gun Gale Online
56%
2017Sword Art Online : Ordinal Scale
56%
2014Sword Art Online Saison 2
56%
2014Nanatsu no Taizai
54%
2018Nanatsu no Taizai Saison 2
54%
2007Naruto : Shippuden
54%
2014Haikyuu
52%
2015Haikyuu Saison 2
52%
2012Jojo no Kimyou na Bouken
50%
2016Jojo no Kimyou na Bouken : Diamong wa Kudakenai
50%
2014Jojo no Kimyou na Bouken : Stardust Crusaders
50%
2015Jojo no Kimyou na Bouken : Stardust Crusaders - Egypte-hen
50%
2017Black Clover
49%
2006Code Geass
47%
2015Shokugeki no Soma
47%
2016Shokugeki no Soma Saison 2
47%
2017Shokugeki no Soma Saison 3
47%
2008Code Geass saison 2
46%
2019Dr.Stone
44%
2016Re:Zero
44%
2014Shigatsu wa Kimi no Uso
44%
2012Kuroko no Basket
42%
2018Shingeki no Kyojin saison 3
42%
2011Ao no Exorcist
41%
1995Neon Genesis Evangelion
41%
2014No game No Life
40%
2017No Game no Life -Zero-
40%
2019The Promised Neverland
40%
2008Black Butler
38%
2016Erased
38%
2016Kimi no na wa
38%
1996Dragon Ball GT
34%
2015Death Parade
32%
2006Gintama
32%
2014Noragami
32%
2015Noragami Aragoto
32%
2012Psycho-Pass
32%
2014Psycho-Pass Saison 2
32%
2018Violet Evergarden
32%
2010Angel Beats
31%
2014Kiseijuu
31%
2015Overlord
31%
2018Overlord Saison 2
31%
2018Overlord Saison 3
31%
2014Akame ga Kill
30%
2012Another
30%
2011Steins;Gate
30%
2018Steins;Gate 0
30%
2013Steins;Gate : Fuka Ryouiki no Déjà vu
30%
2011Mirai Nikki
29%
2016Mob Psycho 100
29%
2019Mob Psycho 100 Saison 2
29%
2009FullMetal Alchemist : Brotherhood
28%
2008Soul Eater
28%
2008Toradora
28%
2015Charlotte
27%
1999Great Teacher Onizuka
27%
2011Fate Zero
26%
2012Fate Zero saison 2
26%
2019Kaguya-sama wa Kokurasetai : Tensai-tachi no Renai Zunousen
26%
2018Darling in the Franxx
25%
2013Kill la Kill
25%
2009K-On
25%
2010K-on Saison 2
25%
1998Cowboy Bebop
24%
2007Clannad
22%
2006Fate Stay Night
22%
2014Fate Stay Night: Unlimited Blade Works
22%
2015Fate Stay Night : Unlimitee blade Works Saison 2
22%
2017Made in Abyss
22%
2008Clannad Afterstory
21%
2004Monster
21%
2011AnoHana
20%
2019Dororo
20%
2010Durarara
20%
2012High School DxD
20%
2015Kangoku Gakuen
20%
2016Koe no Katachi
20%
2006Black Lagoon
19%
2018Devilman Crybaby
19%
2013High School DxD New
19%
2009Bakemonogatari
18%
2014Black Bullet
18%
2010High School of the Dead
18%
2017Kakegurui
18%
2016KonoSuba
18%
2017KonoSuba saison 2
18%
2013Magi : The kingdom of Magic
18%
2012Magi : The Labyrinth of Magic
18%
2004Elfen Lied
16%
2016Orange
16%
2015Owari no Seraph
16%
2004Samurai Champloo
16%
2018Seishun Buta Yarou wa Bunny Girl-senpai no Yume wo Minai
16%
2017Youkoso Jitsuryoku Shijou Shugi no Kyoushitsu e
16%
2015DanMachi
15%
2018Goblin Slayer
15%
2011Guilty Crown
15%
2007Gurren Lagann
15%
2011Deadman Wonderland
14%
2013Log Horizon
13%
2014Log Horizon Saison 2
13%
2010Kaichou wa Maid Sama
12%
2014Nisekoi
12%
2015Nisekoi Saison 2
12%
2016ReLife
12%
2019Tate no Yuusha no Nariagari
12%
2016Bungou stray Dogs
11%
2013Danganronpa
11%
2015Gate
11%
1997Princess Mononoke
11%
1988Akira
10%
2012Btooom
10%
2012Hyouka
10%
2013Date a Live
9%
2000InuYasha
9%
2015Plastic Memories
9%
2001Spirited Away
9%
2001Hellsing
8%
2006Hellsing Ultimate
8%
2018Tensei Shitara Slime Datta ken
8%
2007Baccano
7%
2013Golden Time
7%
2011Mahou Shoujo Madoka Magica
7%
2005Mushishi
7%
2011Nichijou
7%
2012Nisemonogatari
7%
2012Accel World
6%
2017Blend S
6%
1995Ghost in the Shell
6%
2013Kyoukai no Kanata
6%
2017Little Witch Academia
6%
2007Lucky Star
6%
2013Blood Lad
5%
2007Darker than Black
5%
2013Hataraku Maou-Sama
5%
2004Howl no Ugoku Shiro
5%
2015Kekkai Sensen
5%
2009Kimi ni Todoke
5%
2016Sakamoto desu ga ?
5%
2014Trinity Seven
5%
2014Zankyou no Terror
5%
2014Akatsuki no Yona
4%
2012Chuunibyou demo Koi ga Shitai
4%
2016Kiznaiver
4%
2006Ouran High School Host Club
4%
2008To Aru Majutsu no Index
4%
2012Tonari no Kaibutsu-kun
4%
2013Yahari Ore no Seishun Love Comedy wa Machigatteiru
4%
2015Yamada-kun to 7-nin no Majo
4%
2017Youjo Senki
4%
20163-gatsu no Lion
3%
2014Barakamon
3%
2017Eromanga Sensei
3%
2000FLCL
3%
2017Gamers
3%
2015Himouto ! Umaru-chan
3%
2016Kizumonogatari I
3%
2017Kuzu no Honkai
3%
2014Mahouka Koukou no Rettousei
3%
2017Masamune-kun no Revenge
3%
2015Monster Musume no Iru Nichijou
3%
2017Re:Creators
3%
2012Sakurasou no pet na Kanojo
3%
2008Spice and Wolf
3%
2013Strike the Blood
3%
2009To Aru Kagaku no Railgun
3%
1988Tonari no Totoro
3%
2006Zero no Tsukaima
3%
2014Chuunibyou demo Koi ga Shitai Saison 2
2%
2015Hibike ! Euphonium
2%
2006Higurashi no naku Koro ni
2%
2010Katanagatari
2%
2017Kobayashi-san Chi no Maidragon
2%
2012Kokoro Connect
2%
2017Mahoutsukai no Yome
2%
2013Monogatari Series : Second Season
2%
2013Nagi no Asukara
2%
2012Nekomonogatari (Kuro)
2%
2016New Game
2%
2010Oreimo
2%
2015Rokka no Yuusha
2%
2015Shimoneta to lu Gainen ga Sonzai Shinai Taikutsu na Sekai
2%
2012Shinsekai Yori
2%
2013Watamote
2%
2015Yahari Ore no Seishun Love Comedy wa Machigatteiru saison 2
2%
2012Zetsuen no Tempest
2%
20075 Centimeters per Second
1%
2017Akashic Records
1%
2014Aldnoah. Zero
1%
2014Amagi Brilliant Park
1%
2011Boku wa Tomodachi ga Sukunai
1%
2012Danshi Koukousei no Nichijou
1%
2017Gabriel Dropout
1%
2014Gekkan Shoujo Nozaki-Kun
1%
2014Grisaia no Kajitsu
1%
2016Hai to Gensou no Grimgar
1%
2009Higashi no Eden
1%
2018Hinamatsuri
1%
2011IS : Infinite Stratos
1%
2011Kore wa Zombie Desu ga ?
1%
2013Kotonoha no Niwa
1%
2013Love Live School Idol Project
1%
2014Mekakucity Actors
1%
2006NHK ni Youkoso
1%
2012Ookami Kodomo no Ame to Yuki
1%
2015Rakudai Kishi no Eiyuutan
1%
2015Saenai Heroine no Sodatekata
1%
2005Shakugan no Shana
1%
2014Shirobako
1%
2018Sora yori mo Tooi Bashi
1%
2009Summer Wars
1%
2010The Disappearance of Suzumiya Haruhi
1%
2006The Melancholy of Suzumiya Haruhi
1%
2009The Melancholy of Suzumiya Haruhi Saison 2
1%
2017Tsurezure Children
1%
2010Baka to Test to Shoukanjuu
0%
2018Hatarakou Saibou
0%
2010Kami nomi zo Shiru Sekai
0%
2016Koutetshujou no Kabaneri
0%
2013Mondaiji-tachi ga Isekai kara Kuru sou desu yo ?
0%
2006Toki wo Kakeru Kakeri Shoujo
0%
2018Wotaku ni Koi wa Muzukashii
0%

Distribution des résultats

Percentile par nombre de réponses

% des personnes avec chaque résultat

Votre développement - résultats

Vous n’avez pas pris ce quiz depuis la dernière actualisation